• 首页
  • 本馆介绍
  • 公告通知
  • 最新文献
  • 馆藏检索
  • 电子资源
  • 读者导购
  • 参考咨询
  • 我的图书馆
  • 登录
  • 详细信息显示
  • 放入我的书架
  • 预约/预借图书
  • 作者相关作品
  • 分类相关作品
  • 丛书相关作品
  • 出版社相关作品

书目信息

  • 表格格式
  • 工作单格式
  • 卡片格式
题名:
亚当·斯密
    
 
作者: 澳特森 著 ;师庭雄 , 潘文哲 译
分册:  
出版信息: 武汉   华中科技大学出版社  2019.01
页数: 227, 166页
开本: 21cm
丛书名:
单 册:
中图分类: F091.33
科图分类:
主题词: 经济思想--jing ji si xiang--研究--英国--近代
电子资源:
ISBN: 978-7-5680-4815-6
000 01358nam0 2200313 450
001 CAL 0120192679962
005 20230217093113.0
010    @a978-7-5680-4815-6@dCNY48.00
100    @a20190201d2019 em y0chiy0120 ea
101 1  @achi@aeng@ceng
102    @aCN@b420000
105    @ay z 001yy
106    @ar
200 1  @a亚当·斯密@Aya dang · si mi@d= Adam Smith@e德性与情感@f(英) 詹姆斯·澳特森著@g师庭雄, 潘文哲译@zeng
210    @a武汉@c华中科技大学出版社@d2019.01
215    @a227, 166页@d21cm
314    @a(英) 詹姆斯·澳特森, 美国著名的政治经济学家和哲学家。师庭雄, 西北师范大学马克思主义学院哲学系副教授。潘文哲, 华中科技大学外国哲学专业博士研究生。
320    @a有索引
330    @a本书分传记、观念、持久的意义。内容包括: 亚当·斯密的生平和作品 ; 斯密的哲学计划 ; 斯密的道德谱系 ; 公正的旁观者与道德的客观性 ; 《道德情操论》中的政治经济学 ; 《国富论》中的政治经济学等。
500 10 @aAdam Smith@mChinese
517 1  @a德性与情感@Ade xing yu qing gan
600  1 @a亚当·斯密@Aya dang · si mi@g(Adam Smith,@f1723-1790@x经济思想@x研究
606 0  @a经济思想@Ajing ji si xiang@x研究@y英国@z近代
690    @aF091.33@v5
701  1 @a澳特森@Aao te sen@g(Otteson, James R.)@4著
702  0 @a师庭雄@Ashi ting xiong@4译
702  0 @a潘文哲@Apan wen zhe@4译
801  0 @aCN@bBJXHZP@c20230228
905    @b1402199-202@dF091.33@e107@f4
    
    亚当·斯密= Adam Smith:德性与情感/(英) 詹姆斯·澳特森著/师庭雄, 潘文哲译.-武汉:华中科技大学出版社,2019.01
    227, 166页;21cm
    
    
    ISBN 978-7-5680-4815-6:CNY48.00
    本书分传记、观念、持久的意义。内容包括: 亚当·斯密的生平和作品 ; 斯密的哲学计划 ; 斯密的道德谱系 ; 公正的旁观者与道德的客观性 ; 《道德情操论》中的政治经济学 ; 《国富论》中的政治经济学等。
●
相关链接 在E读中查询图书 在五车中查询图书 在当当中查询图书 在豆瓣中查询图书


正题名:亚当·斯密     索取号:F091.33/107         预约/预借

序号 登录号 条形码 馆藏地/架位号 状态 备注
1 1402199   214021994   第一样本阅览室/ [索取号:F091.33/107] 在馆    
2 1402200   214022001   第一借阅区/ [索取号:F091.33/107] 在馆    
3 1402201   214022010   第一借阅区/ [索取号:F091.33/107] 在馆    
4 1402202   214022029   第一借阅区/ [索取号:F091.33/107] 在馆    
唐山师范学院图书馆 欢迎您!
大连网信软件有限公司© 版权所有